Statistics for Liverpool FC Squad 2019/20

Click here to take the quiz!

General Stats

  • This quiz has been taken 201 times
  • The average score is 22 of 29

Answer Stats

#National TeamPositionPlayer% Correct
1BrazilGKAlisson Becker
98%
11EgyptFWMohamed Salah
98%
10SenegalFWSadio Mane
98%
4NetherlandsDFVirgil van Dijk
98%
14EnglandMFJordan Henderson
97%
9BrazilFWRoberto Firmino
96%
26ScotlandDFAndrew Robertson
95%
3BrazilMFFabinho
91%
8GuineaMFNaby Keita
91%
66EnglandDFTrent Alexander-Arnold
91%
7EnglandMFJames Milner
90%
12EnglandDFJoe Gomez
89%
27BelgiumFWDivock Origi
88%
32CameroonDFJoel Matip
88%
6CroatiaDFDejan Lovren
86%
5NetherlandsMFGeorginio Wijnaldum
86%
13SpainGKAdrian
82%
23SwitzerlandMFXherdan Shaqiri
81%
15EnglandMFAlex Oxlade-Chamberlain
78%
2EnglandDFNathaniel Clyne
69%
20EnglandMFAdam Lallana
68%
48EnglandMFCurtis Jones
61%
62IrelandGKCaoimhin Kelleher
59%
67EnglandMFHarvey Elliott
52%
72NetherlandsDFSepp van den Berg
46%
51NetherlandsDFKi-Jana Hoever
43%
24EnglandFWRhian Brewster
41%
22EnglandGKAndy Lonergan
26%
65AlgeriaDFYasser Larouci
23%

Score Distribution

Percentile by Number Answered

Percent of People with Each Score

Your Score History

You have not taken this quiz